000 00451cam a2200145 4500
008 150320n 000 0 eng u
020 _a9780471749592
035 _a(Sirsi) a188974
050 _aHF 5635 INT 2007
245 _aIntermediate accounting:
_bstudy guide vol.1, chapter 1-14/
_cDouglas W. Kieso...[et al.]
250 _a12th ed.
260 _aHoboken, N.J. :
_b Wiley,
_c c2007.
650 _aAccounting
700 _aKieso, Douglas W.
999 _c125094
_d125094